| 000 | 00479nam a22001817a 4500 | ||
|---|---|---|---|
| 003 | CEME | ||
| 005 | 20210628202704.0 | ||
| 008 | 210203b xxu||||| |||| 00| 0 eng d | ||
| 020 | _a0-07-135956-7 | ||
| 040 | _c. | ||
| 082 | _a668.4 WIL | ||
| 100 |
_aWilloughby, David A Woodson, R.Dodge Sutherland, Rick _961087 |
||
| 245 | _aPlastic piping handbook | ||
| 260 |
_aNEW YORK _bMCGRAW HILL _c2002 |
||
| 300 | _aXIV,700P | ||
| 650 |
_aPIPING -PLASTIC _961088 |
||
| 942 |
_cBK _2ddc |
||
| 999 |
_c570645 _d570645 |
||